| 000 | 01581nam a22002657a 4500 | ||
|---|---|---|---|
| 005 | 20260521095615.0 | ||
| 008 | 260520b |||||||| |||| 00| 0 eng d | ||
| 020 | _a9788121903691 | ||
| 040 | _cAL | ||
| 041 | _aeng | ||
| 082 |
_a320.01 _bMAHP |
||
| 100 |
_aV D Mahajan _9264213 |
||
| 245 |
_aPolitical theory _b: principles of political science |
||
| 250 | _a5 Rev | ||
| 260 |
_aNoida _bS Chand and Company Ltd _c2024 |
||
| 300 |
_axii,825p _bPB _c23.5x16.5cm |
||
| 365 |
_2Political Science _a6831 _b₹520.00 _c₹ _d₹650.00 _e20% _f14-03-2026 |
||
| 520 | _aPolitical Theory is a comprehensive study on the subject providing an insight into latest thinking by the contemporary political scientists. It introduces the students to various political theories, their evolution and approaches and an assessment of their critical and contemporary trends. It also helps in reconciling political theory and practice through reflections on the ideas and practices related to welfare state, Fascism, Nazism, democracy, nationalism, internationalism and imperialism. It is developed for the undergraduate students of Political Science (Pass and honours courses). Aspirants of various competitive examinations such as Civil Services Examination and state public service commission examinations will also find the book extremely useful. | ||
| 650 |
_aPolitical Analysis _9264151 |
||
| 650 |
_aCitizenship _9264152 |
||
| 650 |
_aMarxism and Bolshevism _9264153 |
||
| 650 |
_aPolitical Thought of Mahatma Gandhi _9264154 |
||
| 650 |
_aFascism and Nazism _9264155 |
||
| 942 |
_2ddc _cBK |
||
| 999 |
_c241456 _d241456 |
||